Días de guerra / (Record no. 183904)

MARC details
000 -LEADER
campo de control de longitud fija 00643nam a2200193 i 4500
001 - NÚMERO DE CONTROL
campo de control 183904
003 - IDENTIFICADOR DE NÚMERO DE CONTROL
campo de control ES-MaACL
005 - FECHA Y HORA DE LA ÚLTIMA TRANSACCIÓN
campo de control 20251011063200.0
007 - CAMPO FIJO DE DESCRIPCIÓN FÍSICA--INFORMACIÓN GENERAL
campo de control de longitud fija t|
008 - DATOS DE LONGITUD FIJA--INFORMACIÓN GENERAL
campo de control de longitud fija 141120s1908 cu ||||1| spa d
080 ## - NÚMERO DE LA CLASIFICACIÓN DECIMAL UNIVERSAL
Número de la Clasificación Decimal Universal 821.134.2(729.1)-4"19"
100 1# - ENTRADA PRINCIPAL--NOMBRE DE PERSONA
Nombre de persona Rodríguez García, José Antonio,
Fechas asociadas al nombre 1864-1934
9 (RLIN) 98540
245 10 - MENCIÓN DEL TÍTULO
Título Días de guerra /
Mención de responsabilidad, etc. por José A. Rodríguez García.
260 ## - PUBLICACIÓN, DISTRIBUCIÓN, ETC.
Lugar de publicación, distribución, etc. Habana :
Nombre del editor, distribuidor, etc. [s.n.],
Fecha de publicación, distribución, etc. 1908 (
Fabricante Imprenta de Cerdeira)
300 ## - DESCRIPCIÓN FÍSICA
Extensión 31 p. ;
Dimensiones 21 cm.
500 ## - NOTA GENERAL
Nota general En la cubierta: De enseñanza, Notas literarias, Días de Guerra. Reparto 2º.
852 ## - LOCALIZACIÓN
Ubicación ES-MaACL
Número de control de estantería T-1140-F-5
Holdings
Estatus retirado Estado de pérdida Estado de daño No para préstamo Colección Biblioteca de origen Biblioteca actual Ubicación en estantería Fecha de adquisición Fuente de adquisición Total de préstamos Signatura topográfica completa Código de barras Visto por última vez Precio de reemplazo Tipo de ítem Koha
        Colección de folletos Biblioteca del Ateneo de Madrid Biblioteca del Ateneo de Madrid Depósito folletos 20/11/2014     T-1140-F-5 1193377 23/02/2023 23/02/2023 Folleto